Manifestación que don Ramón Fernández dirige al público, sobre el orijen, causas, medios u desenlace del proceso...

Guardat en:
Dades bibliogràfiques
Autor principal: Fernández, Ramón (Autor)
Format: Llibre
Idioma:espanyol
Publicat: Santiago Imprenta de La Libertad, calle de la Compañía Num. 92 1868
Edició:1a. ed
Matèries:
Etiquetes: Afegir etiqueta
Sense etiquetes, Sigues el primer a etiquetar aquest registre!

MARC

LEADER 00000nam a2200000 a 4500
001 UCJ8676
003 CL-VaPUC
008 070124e18680000CL |||||||||||||||||spa|d
082 0 4 |a 983  |b FER  |2 21 
100 0 |a Fernández, Ramón  |e author  |9 517578 
245 1 0 |a Manifestación que don Ramón Fernández dirige al público, sobre el orijen, causas, medios u desenlace del proceso... 
250 |a 1a. ed 
300 |a 204 p 
942 |c BK 
945 |d 20070124 00:00:00  |a rinostro 
260 |a Santiago  |b Imprenta de La Libertad, calle de la Compañía Num. 92  |c 1868 
650 0 |a Juicios civiles  |9 506779 
650 0 |a Historia de Chile  |9 265473 
650 0 |a Contrabando  |9 324529 
650 7 |a TABACOS  |2 CL-VaPUC  |9 517579 
583 |a last modification  |c 20070124 00:00:00  |k Rodrigo Vera 
999 |c 324346  |d 324344 
952 |0 0  |1 0  |4 0  |6 983_000000000000000_FER_1868  |7 0  |8 X  |9 404438  |a FDOBUD  |b FDOBUD  |d 2019-11-22  |i 1082175  |o 983 FER 1868  |p 1082175  |r 2019-11-22  |w 2019-11-22  |y BK_X  |k BUD